000
00264 a2200121 4500
005
20250702080049.0
020
_a
978-1447252290
100
_a
ARCHER, J.
245
_a
Tell Tale.
260
_a
London,
_b
MacMillan,
_c
2017.
300
_a
271p.:
_c
25cm
942
_2
ddc
_c
BKS
999
_c
6555
_d
6555